Marketing du lịch

Đã lưu trong:
Sonraí Bibleagrafaíochta
Príomhúdar: Trần Ngọc Nam
Formáid: Leabhar
Teanga:Vietnamese
Foilsithe: Đồng Nai 2000
Clibeanna: Cuir Clib Leis
Gan Chlibeanna, Bí ar an gcéad duine leis an taifead seo a chlibeáil!
Thư viện lưu trữ: Mạng thư viện Đại học Đà Nẵng
LEADER 00614nam a2200253 4500
001 000020445
003 16891
005 20150318110328.0
008 150318s2000 viesd
020 |c 22.000 
041 0 |a vie 
082 1 4 |a 338.47910688  |b TR-N 
100 1 |a Trần Ngọc Nam 
245 1 0 |a Marketing du lịch  |c Trần Ngọc Nam 
260 |b Đồng Nai  |c 2000 
300 |a tr.  |c cm. 
OWN |a LSP 
999 |a From the UDN01 
TYP |a Monograph 
TYP |a Printed language 
980 |a Mạng thư viện Đại học Đà Nẵng